Regions of Italy Quiz Stats

 Plays Quiz Updated Sep 24, 2018

Score 0/20 Timer 05:00
52 Plays Today
% Correct
Sicilia
93.9%
Toscana
84.1%
Sardegna
82.1%
Lazio
65.1%
Lombardia
63.1%
Calabria
61.5%
Umbria
61%
Veneto
60.5%
Piemonte
59.9%
Puglia
55.6%
% Correct
Liguria
53.7%
Campania
50.5%
Abruzzo
50.4%
Marche
49.1%
Emilia-Romagna
49%
Valle D'Aosta
45.8%
Basilicata
43.4%
Molise
40.4%
Trentino-Alto Adige
35.5%
Friuli-Venezia Giulia
33.1%

You're not logged in!

Compare scores with friends on all Sporcle quizzes.
OR
Log In

Sporcle TV

Today on Sporcle TV


Watch our educational content, quiz creation guides, and fun videos on Sporcle TV.

Show Comments

Extras

Top Quizzes Today


Score Distribution

Your Account Isn't Verified!

In order to create a playlist on Sporcle, you need to verify the email address you used during registration. Go to your Sporcle Settings to finish the process.

Report this User

Report this user for behavior that violates our Community Guidelines.

Details: